Định mức xây dựng cơ bản chuyên ngành bưu chính, viễn thông /
Shranjeno v:
| Glavni avtor: | |
|---|---|
| Format: | Knjiga |
| Jezik: | Vietnamese |
| Izdano: |
Bưu điện
2007
|
| Oznake: |
Označite
Brez oznak, prvi označite!
|
| Thư viện lưu trữ: | Mạng thư viện Đại học Đà Nẵng |
|---|
| LEADER | 00694nam a2200265 4500 | ||
|---|---|---|---|
| 001 | 000027239 | ||
| 003 | ĐMỨC | ||
| 005 | 20150403120000.0 | ||
| 008 | 150403s vm 000 vie | ||
| 020 | |c 0,0000 | ||
| 040 | |a notts | ||
| 100 | |a Bộ Bưu chính, viễn thông | ||
| 245 | |a Định mức xây dựng cơ bản chuyên ngành bưu chính, viễn thông / |c Bộ Bưu chính, viễn thông. | ||
| 260 | |b Bưu điện |c 2007 | ||
| OWN | |a LTT | ||
| 999 | |a From the UDN01 | ||
| TYP | |a Monograph | ||
| TYP | |a Printed language | ||
| 980 | |a Mạng thư viện Đại học Đà Nẵng | ||